Escuela para padres

Saved in:
Bibliografiske detaljer
Hovedforfatter: Giberti, Eva (Author)
Format: Bog
Sprog:spansk
Udgivet: Buenos Aires Esece 1970
Fag:
Tags: Tilføj Tag
Ingen Tags, Vær først til at tagge denne postø!

MARC

LEADER 00000nam a2200000 a 4500
001 UCQ1276
003 CL-VaPUC
008 980709e19700000AG |||||||||||||||||spa|d
082 0 4 |a 370.193  |b GIB  |2 21 
100 |a Giberti, Eva  |e author  |9 601501 
245 1 0 |a Escuela para padres 
300 |a v 
942 |c BK 
945 |d 19980709 00:00:00  |a crobeson 
260 |a Buenos Aires  |b Esece  |c 1970 
650 0 |a Padres e hijos  |9 307753 
650 0 |a Familias   |9 255641 
650 0 |a Educación para la vida familiar  |9 307821 
650 7 |a EDUCACION DE LOS PADRES  |2 CL-VaPUC  |9 338423 
583 |a last modification  |c 19980709 00:00:00  |k Rodrigo Vera 
999 |c 272279  |d 272277 
952 |0 0  |1 0  |4 0  |6 370_193000000000000_GIB_1970  |7 0  |8 A  |9 307172  |a BIBGIM  |b BIBGIM  |d 2019-11-20  |h v.3  |i 1432885  |o 370.193 GIB 1970  |p 1432885  |r 2025-01-15  |w 2019-11-20  |y BK  |k SSL